书目信息 |
| 题名: |
长发妹
|
|
| 作者: | 廖旭和 选编 ;詹禾 插图 | |
| 分册: | ||
| 出版信息: | 北京 外文出版社 2005 |
|
| 页数: | 196页 | |
| 开本: | 17cm | |
| 丛书名: | 中国最美的传说 | |
| 单 册: | ||
| 中图分类: | H339.4 , I277.3 | |
| 科图分类: | ||
| 主题词: | 德语--语言读物 , 民间故事--中国--选集 , 德语 , 民间故事 | |
| 电子资源: | ||
| ISBN: | 7-119-03830-3 | |
| 000 | 01027oam2 2200325 450 | |
| 001 | 003237729 | |
| 005 | 20070805100932.82 | |
| 010 | @a7-119-03830-3@dCNY10.00 | |
| 035 | @a003237729 | |
| 100 | @a20060210d2005 em y0chiy0110 ea | |
| 101 | 0 | @achi@ager |
| 102 | @aCN@b110000 | |
| 105 | @aa z 000ay | |
| 106 | @ar | |
| 200 | 1 | @a长发妹@Achang fa mei@dDas langhaarige Madchen@e[中德文对照]@E[ zhong de wen dui zhao ]@f廖旭和选编@Fliao xu he xuan bian@g詹禾插图@Gzhan he cha tu@zger |
| 210 | @a北京@c外文出版社@d2005 | |
| 215 | @a196页@c插图@d17cm | |
| 225 | 2 | @a中国最美的传说@Azhong guo zui mei de chuan shuo@vIII |
| 461 | 0 | @1001003261024@12001 @a中国最美的传说 |
| 510 | 1 | @aDas langhaarige Madchen@zger |
| 606 | 0 | @a德语@j语言读物 |
| 606 | 0 | @a民间故事@y中国@j选集 |
| 606 | 0 | @a德语 |
| 606 | 0 | @a民间故事 |
| 690 | @aH339.4@v4 | |
| 690 | @aI277.3@v4 | |
| 701 | 0 | @a廖旭和@Aliao xu he@4选编 |
| 702 | 0 | @a詹禾@Azhan he@c(女,@f1971~)@4插图 |
| 801 | 0 | @aCN@bNLC@c20070805 |
| 905 | @dH339.4@e209@f3 | |
| 长发妹=Das langhaarige Madchen:[中德文对照]/廖旭和选编/詹禾插图.-北京:外文出版社,2005 |
| 196页:插图;17cm.-(中国最美的传说;III) |
| ISBN 7-119-03830-3:CNY10.00 |
| ● |
| 相关链接 |
|
|
|
|
正题名:长发妹
索取号:H339.4/209
 
预约/预借
| 序号 | 登录号 | 条形码 | 馆藏地/架位号 | 状态 | 备注 |
| 1 | 0852407 | 208524079 | 第二样本阅览室/ [索取号:H339.4/209] | 在馆 | |
| 2 | 0852408 | 208524088 | 第四借阅区/ [索取号:H339.4/209] | 在馆 | |
| 3 | 0852409 | 208524097 | 第四借阅区/ [索取号:H339.4/209] | 在馆 |